=LDR 00000nam 2200000 4500 =001 INLIS000000000005570 =005 20251017104938 =035 ##$$a 0010-1025000625 =007 ta =008 251017###########################0#ind## =082 ##$$a 320.829 =084 ##$$a 320.829 BAD t =100 #$$a Badan Koordinasi Keluarga Berencana Nasional =245 1#$$a The Present And The Future Roles of The Moeslim in The Indonesian Politic /$c Badan Koordinasi Keluarga Berencana Nasional =260 ##$:$b Badan Koordinasi Keluarga Berencana Nasional =300 ##$$a 10 Hal : $b Ilus ; $c 21 =650 #4$$a Keluarga Berencana =856 ##$$a Perpustakaan Kemendukbangga